[Event "Landesliga Sued 9899"]
[Site "Bayern"]
[Date "1998.11.15"]
[Round "3.2"]
[White "Nussbaecher, Andreas"]
[Black "Stocker, Rupert"]
[Result "0-1"]
[WhiteElo "2140"]
[BlackElo "2110"]
[PlyCount "70"]
[EventDate "1998.11.10"]
[EventType "team-tourn"]
[EventRounds "9"]
[EventCountry "GER"]
[SourceTitle "EXT 2020"]
[Source "ChessBase"]
[SourceDate "2019.10.17"]
[SourceVersion "1"]
[SourceVersionDate "2019.10.17"]
[SourceQuality "1"]
[WhiteTeam "Muenchen FC Bayern II"]
[BlackTeam "Groebenzell"]
[WhiteTeamCountry "GER"]
[BlackTeamCountry "GER"]

1. d4 g6 2. c4 Bg7 3. e4 d6 4. Nc3 Nf6 5. f4 c5 6. d5 0-0 7. Nf3 a6 8. a4 e6 9. Be2 Re8 10. e5 dxe5 11. fxe5 Ng4 12. Bg5 Qa5 13. 0-0 h6 14. Bd2 Nd7 15. Ne4 Qd8 16. Nd6 Re7 17. Nxf7 Rxf7 18. dxe6 Re7 19. exd7 Bxd7 20. Bf4 Bc6 21. Qxd8+ Rxd8 22. Rad1 Rxd1 23. Rxd1 Bxa4 24. Rd5 g5 25. h3 gxf4 26. hxg4 Rc7 27. Bd3 Bc6 28. Rd8+ Bf8 29. Nh4 Rd7 30. Rxd7 Bxd7 31. Nf5 Bg7 32. Nxg7 Kxg7 33. Be4 b6 34. Bf5 Bc6 35. Kf2 a5 0-1

[Event "Landesliga Sued 9899"]
[Site "Bayern"]
[Date "1998.10.25"]
[Round "2.2"]
[White "Egger, Thomas"]
[Black "Nussbaecher, Andreas"]
[Result "1-0"]
[WhiteElo "1972"]
[BlackElo "2135"]
[PlyCount "101"]
[EventDate "1998.11.10"]
[EventType "team-tourn"]
[EventRounds "9"]
[EventCountry "GER"]
[SourceTitle "EXT 2020"]
[Source "ChessBase"]
[SourceDate "2019.10.17"]
[SourceVersion "1"]
[SourceVersionDate "2019.10.17"]
[SourceQuality "1"]
[WhiteTeam "Krumbach"]
[BlackTeam "Muenchen FC Bayern II"]
[WhiteTeamCountry "GER"]
[BlackTeamCountry "GER"]

1. Nf3 Nf6 2. g3 g6 3. Bg2 Bg7 4. 0-0 0-0 5. c4 d6 6. d4 c6 7. Nc3 Qa5 8. e4 Bg4 9. h3 Bxf3 10. Qxf3 Nfd7 11. Rd1 c5 12. d5 Nb6 13. Qd3 Qb4 14. Bf1 N8d7 15. f4 Bxc3 16. bxc3 Qa4 17. Be3 f6 18. h4 Kg7 19. h5 g5 20. Be2 Kh8 21. Kh2 Rg8 22. Rf1 g4 23. Kg2 f5 24. e5 Raf8 25. e6 Nf6 26. Rfb1 Ne4 27. Rb3 Rf6 28. Rab1 Qe8 29. a4 Rh6 30. Rh1 Rxh5 31. Rbb1 Rxh1 32. Rxh1 Qxa4 33. Rh5 Rf8 34. Rxf5 Rxf5 35. Qxe4 Rf6 36. Bd3 Rh6 37. Qf5 Qe8 38. Qxg4 a5 39. f5 Rf6 40. Qd1 a4 41. Qb1 Qd8 42. g4 a3 43. g5 Rxf5 44. Bxf5 Nxc4 45. Bc1 Qa8 46. Qa2 b5 47. Be4 Qa5 48. Qf2 Qd8 49. Qf7 Qg8 50. Qxe7 b4 51. Qf6+ 1-0